000 00746nam a2200217Ia 4500
001 14947
003 GE_BSU
008 181216s||||||||xx |||||||||||||| ||und||
040 _cGE_BSU
080 _a517
100 _aБлох, З.Ш.
245 _aПереходные процессы в линейных системах автоматического регулирования
245 _cРед.А.М.Рубинчик
260 _aМосква
260 _bГосиздат
260 _c1961
300 _a492стр.22см.
300 _eБиблиогр. стр.491
653 _aПереходные процессы в линейных системах автоматического регулирования
942 _cBK
999 _c48067
_d48067